banner

Frutas y verduras: (Registro nro. 1785)

000 -LEADER
fixed length control field 01077nam a2200241 a 4500
003 - CONTROL NUMBER IDENTIFIER
control field AR-BaISA
005 - DATE AND TIME OF LATEST TRANSACTION
control field 20250325190828.0
007 - PHYSICAL DESCRIPTION FIXED FIELD--GENERAL INFORMATION
fixed length control field ta
008 - FIXED-LENGTH DATA ELEMENTS--GENERAL INFORMATION
fixed length control field 250325s2009 ag ado|f |||| 000 0 spa d
020 ## - INTERNATIONAL STANDARD BOOK NUMBER
International Standard Book Number 9789875701069
040 ## - CATALOGING SOURCE
Language of cataloging spa
Transcribing agency AR-BaISA
082 04 - DEWEY DECIMAL CLASSIFICATION NUMBER
Edition number 22
Classification number 641.34 V838
100 1# - MAIN ENTRY--PERSONAL NAME
9 (RLIN) 2710
Personal name Viviant, Viviana
Relator term aut.
245 10 - TITLE STATEMENT
Title Frutas y verduras:
Remainder of title los superalimentos que curan /
Statement of responsibility, etc. Viviana Viviant
260 ## - PUBLICATION, DISTRIBUTION, ETC.
Place of publication, distribution, etc. Buenos Aires:
Name of publisher, distributor, etc. Akadia,
Date of publication, distribution, etc. 2009
300 ## - PHYSICAL DESCRIPTION
Extent 402 p.:
Other physical details il., graf., fotos.
504 ## - BIBLIOGRAPHY, ETC. NOTE
Bibliography, etc. note Bibliografía p.: [397]-402
505 ## - FORMATTED CONTENTS NOTE
Title Frutas y verduras contra la balanza y las enfermedades - Educar para prevenir --
-- Frutas y verduras: un arsenal de beneficios --
-- Derribando mitos y sumando "5" al día --
-- Maratón de recetas...color, sabor y nutrición --
-- "Super Bowl" de ensaladas y sopas: los aliados anti-kilos --
-- Viajando por el Mediterráneo --
-- Piel de "durazno" si, piel de "naranja" no --
-- Vida activa para todos
650 14 - SUBJECT ADDED ENTRY--TOPICAL TERM
9 (RLIN) 3682
Topical term or geographic name entry element Frutas
650 14 - SUBJECT ADDED ENTRY--TOPICAL TERM
9 (RLIN) 3683
Topical term or geographic name entry element Verduras
650 14 - SUBJECT ADDED ENTRY--TOPICAL TERM
9 (RLIN) 555
Topical term or geographic name entry element Alimentación saludable
942 ## - ADDED ENTRY ELEMENTS (KOHA)
Source of classification or shelving scheme
Koha item type Libros
Edition 22
Existencias
Withdrawn status Lost status Source of classification or shelving scheme Damaged status Not for loan Permanent Location Current Location Date acquired Inventory number Full call number Barcode Date last seen Price effective from Koha item type
          Biblioteca ISALUD. Dr. Néstor Rodríguez Campoamor Biblioteca ISALUD. Dr. Néstor Rodríguez Campoamor 2025-03-25 2402 641.34 V838 2402 2025-03-25 2025-03-25 Libros